Adopting Environmentally Friendly Mechanisms in the Hotel Industry

Ako geografická poloha hotela v častiach strednej a východnej Európy ovplyvňuje zložitosť vnímania environmentálneho správania. Environmentálne praktiky boli študované na základe motivácie, vnímania bariér, vnímania podpory z rôznych úrovní verejného sektora, vôle manažérov presadzovať proenvironmen...

Full description

Saved in:
Bibliographic Details
Main Author: Novacká, Ľudmila, 1953-
Other Authors: Pícha, Kamil, Navrátil, Josef, Topaloğlu, Cafer, Švec, Roman
Format: Book Chapter
Language:English
Subjects:
Tags: Add Tag
No Tags, Be the first to tag this record!

MARC

LEADER 00000naa a2200000 4500
001 0258908
005 20240502083736.7
041 0 |a eng 
044 |a GB 
245 1 0 |a Adopting Environmentally Friendly Mechanisms in the Hotel Industry  |c Ľudmila Novacká, Kamil Pícha, Josef Navrátil, Cafer Topaloğlu, Roman Švec 
520 |a Ako geografická poloha hotela v častiach strednej a východnej Európy ovplyvňuje zložitosť vnímania environmentálneho správania. Environmentálne praktiky boli študované na základe motivácie, vnímania bariér, vnímania podpory z rôznych úrovní verejného sektora, vôle manažérov presadzovať proenvironmentálne opatrenia, založené na dostatočnom financovaní, vnímaní legislatívy a ďalších dôležitých faktorov. 
610 2 0 |a manažment environmentálny 
610 2 0 |a východná Európa 
610 2 0 |a hotely 
100 1 |a Novacká, Ľudmila, 1953- 
700 1 |a Pícha, Kamil 
700 1 |a Navrátil, Josef 
700 1 |a Topaloğlu, Cafer 
700 1 |a Švec, Roman